<?xml version="1.0" encoding="UTF-8"?>
<record
    xmlns:xsi="http://www.w3.org/2001/XMLSchema-instance"
    xsi:schemaLocation="http://www.loc.gov/MARC21/slim http://www.loc.gov/standards/marcxml/schema/MARC21slim.xsd"
    xmlns="http://www.loc.gov/MARC21/slim">

  <leader>00979nam a2200169   4500</leader>
  <controlfield tag="008">708 M582a</controlfield>
  <datafield tag="082" ind1=" " ind2=" ">
    <subfield code="a">708</subfield>
    <subfield code="b">M582a</subfield>
  </datafield>
  <datafield tag="100" ind1=" " ind2=" ">
    <subfield code="a">P&#xE9;rez-Ratton, Virginia</subfield>
    <subfield code="9">580</subfield>
  </datafield>
  <datafield tag="110" ind1=" " ind2=" ">
    <subfield code="a">Castell&#xF3;n, Rolando</subfield>
    <subfield code="9">7192</subfield>
  </datafield>
  <datafield tag="111" ind1=" " ind2=" ">
    <subfield code="a">Quir&#xF3;s, Luis Fernando</subfield>
    <subfield code="9">7193</subfield>
  </datafield>
  <datafield tag="245" ind1=" " ind2=" ">
    <subfield code="a">MES&#xF3;TICA</subfield>
  </datafield>
  <datafield tag="260" ind1=" " ind2=" ">
    <subfield code="a">San Jos&#xE9;, Costa Rica</subfield>
    <subfield code="b">Museo de Arte y Dise&#xF1;o Contempor&#xE1;neo</subfield>
    <subfield code="c">1995</subfield>
  </datafield>
  <datafield tag="300" ind1=" " ind2=" ">
    <subfield code="a">92 p.</subfield>
    <subfield code="b">il. (col)</subfield>
    <subfield code="c">22 x 27,5 cm</subfield>
  </datafield>
  <datafield tag="505" ind1=" " ind2=" ">
    <subfield code="t">Cr&#xE9;ditos</subfield>
    <subfield code="t">El porqu&#xE9; de Mes&#xF3;tica</subfield>
    <subfield code="r">Virginia P&#xE9;rez-Ratton </subfield>
    <subfield code="t">Problemas abstractos </subfield>
    <subfield code="r">Carlos Basualdo </subfield>
    <subfield code="t">Ernesto Ballesteros </subfield>
    <subfield code="t">Sigfredo Chac&#xF3;n </subfield>
    <subfield code="t">Antonio Dias </subfield>
    <subfield code="t">Lydia Dona </subfield>
    <subfield code="t">Danilo Due&#xF1;as </subfield>
    <subfield code="t">Eugenio Espinoza </subfield>
    <subfield code="t">Cristina Ghetti </subfield>
    <subfield code="t">Peter Halley </subfield>
    <subfield code="t">Jonathan Lasker </subfield>
    <subfield code="t">Fabian Marcaccio </subfield>
    <subfield code="t">David Reed </subfield>
    <subfield code="t">Miguel Angel Rios </subfield>
    <subfield code="t">Carlos Salas </subfield>
    <subfield code="t">Daniel Scheimberg </subfield>
    <subfield code="t">Pablo Siquier </subfield>
    <subfield code="t">Datos biogr&#xE1;ficos </subfield>
    <subfield code="t">Obras expuestas </subfield>
    <subfield code="t">Indice </subfield>
  </datafield>
  <datafield tag="650" ind1=" " ind2=" ">
    <subfield code="x">arte contempor&#xE1;neo </subfield>
    <subfield code="x">arte - exhibiciones </subfield>
    <subfield code="x">arte - cat&#xE1;logo de exhibici&#xF3;n </subfield>
    <subfield code="x">arte - latinoamericano </subfield>
    <subfield code="9">7194</subfield>
  </datafield>
  <datafield tag="700" ind1=" " ind2=" ">
    <subfield code="a">Basualdo, Carlos </subfield>
    <subfield code="9">5785</subfield>
  </datafield>
  <datafield tag="999" ind1=" " ind2=" ">
    <subfield code="c">1852</subfield>
    <subfield code="d">1852</subfield>
  </datafield>
  <datafield tag="952" ind1=" " ind2=" ">
    <subfield code="0">0</subfield>
    <subfield code="1">0</subfield>
    <subfield code="2">ddc</subfield>
    <subfield code="4">0</subfield>
    <subfield code="7">0</subfield>
    <subfield code="a">LV</subfield>
    <subfield code="b">LV</subfield>
    <subfield code="c">Colectivas</subfield>
    <subfield code="d">2019-10-02</subfield>
    <subfield code="l">0</subfield>
    <subfield code="o">708 M582a</subfield>
    <subfield code="p">004838</subfield>
    <subfield code="r">2019-10-02 00:00:00</subfield>
    <subfield code="w">2019-10-02</subfield>
    <subfield code="y">01</subfield>
  </datafield>
  <datafield tag="952" ind1=" " ind2=" ">
    <subfield code="0">0</subfield>
    <subfield code="1">0</subfield>
    <subfield code="2">ddc</subfield>
    <subfield code="4">0</subfield>
    <subfield code="7">0</subfield>
    <subfield code="a">LV</subfield>
    <subfield code="b">LV</subfield>
    <subfield code="c">Colectivas</subfield>
    <subfield code="d">2019-10-02</subfield>
    <subfield code="l">0</subfield>
    <subfield code="o">708 M582a</subfield>
    <subfield code="p">004839</subfield>
    <subfield code="r">2019-10-02 00:00:00</subfield>
    <subfield code="w">2019-10-02</subfield>
    <subfield code="y">01</subfield>
  </datafield>
  <datafield tag="952" ind1=" " ind2=" ">
    <subfield code="0">0</subfield>
    <subfield code="1">0</subfield>
    <subfield code="2">ddc</subfield>
    <subfield code="4">0</subfield>
    <subfield code="7">0</subfield>
    <subfield code="a">LV</subfield>
    <subfield code="b">LV</subfield>
    <subfield code="d">2019-10-02</subfield>
    <subfield code="i">005198</subfield>
    <subfield code="l">0</subfield>
    <subfield code="o">708 M582a</subfield>
    <subfield code="p">005198</subfield>
    <subfield code="r">2023-11-03 00:00:00</subfield>
    <subfield code="w">2019-10-02</subfield>
    <subfield code="y">01</subfield>
  </datafield>
  <datafield tag="952" ind1=" " ind2=" ">
    <subfield code="0">0</subfield>
    <subfield code="1">0</subfield>
    <subfield code="2">ddc</subfield>
    <subfield code="4">0</subfield>
    <subfield code="7">0</subfield>
    <subfield code="a">LV</subfield>
    <subfield code="b">LV</subfield>
    <subfield code="d">2019-10-02</subfield>
    <subfield code="i">005199</subfield>
    <subfield code="l">0</subfield>
    <subfield code="o">708 M582a</subfield>
    <subfield code="p">005199</subfield>
    <subfield code="r">2023-11-03 00:00:00</subfield>
    <subfield code="w">2019-10-02</subfield>
    <subfield code="y">01</subfield>
  </datafield>
</record>
